Word Ladder: Howard Stern Quiz Stats

 Plays Quiz Updated Dec 16, 2015

Challenge
Share
Tweet
Embed
Score 0/14 Timer 01:30
1 Play Today
Hint 3-Letter Word % Correct
Dylan, Newhart, Marley or Hope, e. g.*BOB*
96%
Often precedes the word 'humbug'*BAH*
93.7%
Bovine milk supplierCOW
92.5%
A portable container for carrying stuffBAG
91.3%
Often grouped with Who, What, When, Where & WhyHOW
90.7%
Wet spongy ground; in the UK, it's slang for the toiletBOG
90.1%
Larger than a cove but smaller than a gulfBAY
88.2%
Hint 3-Letter Word % Correct
Georgia on My Mind singer CharlesRAY
88%
Do a pigeon imitationCOO
85.8%
Variety show: ____ Haw*HEE*
85.7%
Half of a cheerRAH
85.6%
To chop down with an axeHEW
82%
Jem and Scout's mysterious neighbor*BOO*
77.1%
U2's first albumBOY
74%

Today's Daily Dose

You're not logged in!

Compare scores with friends on all Sporcle quizzes.
Join for Free
OR
Log In

You Might Also Like...

Show Comments

Extras

Top Quizzes Today


Score Distribution

Your Account Isn't Verified!

In order to create a playlist on Sporcle, you need to verify the email address you used during registration. Go to your Sporcle Settings to finish the process.

Report this User

Report this user for behavior that violates our Community Guidelines.

Details: